Online Catalogue and eLibrary

An Appraisal of the federal alternative for Sri Lanka / (Record no. 482)

MARC details
000 -LEADER
fixed length control field 00454nam a2200169 a 4500
001 - CONTROL NUMBER
control field 2028734
005 - DATE AND TIME OF LATEST TRANSACTION
control field 20240226004417.0
008 - FIXED-LENGTH DATA ELEMENTS--GENERAL INFORMATION
fixed length control field 920313s1991 ce 000 0 eng
040 ## - CATALOGING SOURCE (பட்டியலாக்க மூலம்)
Original cataloging agency DLC
Transcribing agency DLC
Modifying agency DLC
082 00 - DDC Classification
Class No. 321
DDC Edition Number 20
Item Number - Author Mark Sil.
100 2# - MAIN ENTRY--PERSONAL NAME
Personal name Silva, De H.L.
245 13 - TITLE STATEMENT
Title An Appraisal of the federal alternative for Sri Lanka /
Statement of responsibility, etc. H.L. de Silva.
260 ## - PUBLICATION, DISTRIBUTION, ETC.
Place of publication, distribution, etc. Dehiwala, Sri Lanka :
Date of publication, distribution, etc. 1991.
300 ## - PHYSICAL DESCRIPTION
Extent (e.g. Volumes, Pages etc.) 41 p. ;
650 #0 - SUBJECT ADDED ENTRY--TOPICAL TERM
Topical term or geographic name entry element Federal government
942 ## - Koha item type (Biblio)
Koha item type Books in Stacks (Lending)
Holdings
Lost status Damaged status Collection code Home library Current library Date acquired Full call number Accession Number Item type
    Lending WERC Library WERC Library 02/26/2024 321 Sil. 1709 Books in Stacks (Lending)

© WERC Library